00568nam a22001577a 450000500170000000800410001708200180005810000190007624500280009526000610012330000110018465000200019594200070021599900170022295201710023920260408115034.0260408b |||||||| |||| 00| 0 eng d a351.72bBUD-G aAziz, Shaukat  aBudget Speech 2002-2003 aPakistan bGovernment of Pakistan Finance Divisionc2003 a103 p. aAllied Material cBK c47253d47253 00w2026-04-081040708Allied Material aAUSCbAUSCcAllied Materials d2026-04-08eGifted By Dr. Salman Hasan l0o351.72 BUD-GpAUHEG0005r2026-04-08 11:51:31yBK